000 00479nam a2200169Ia 4500
999 _c12125
_d12125
003 OSt
005 20201021112251.0
008 190216s9999||||xx |||||||||||||| ||und||
040 _coclc
082 _a821.91208
_bHUN/M
100 _aHunter, Jim
_95275
245 0 _aModern Poets Three /
_cJim Hunter
260 _bFaber And Faber.
_c1968.
_aLondon:
300 _a148p
650 _aEnglish Poetry
942 _cBK
_2ddc
_h821.91208
_iHUN/M
_k821.91208
_mHUN/M